| 000 | 00756nam a2200205Ia 4500 | ||
|---|---|---|---|
| 005 | 20251020182540.0 | ||
| 008 | 200515s9999 xx 000 0 und d | ||
| 082 | _a728.72/D28 | ||
| 100 | _aDEFFIS CASO, Armando | ||
| 245 | 0 | _aLa casa ecológica autosuficiente para climas templado y frio | |
| 260 | _aMéxico DF | ||
| 260 | _c1994 | ||
| 300 | _a345 | ||
| 500 | _a1 ejemplar | ||
| 520 | _aMuestra las posibilidades de una arquitectura concordante con el ambiente, al que no agrede ni amenaza. Presenta un análisis serio y detallado de las diversas eco tecnologías disponibles para erigir un hábitat ecológico, las cuales son fácilmente aplicabl | ||
| 650 | _aARQUITECTURA BIOCLIMATICA | ||
| 650 | _aECOLOGIA | ||
| 650 | _aLIB | ||
| 942 | _cLIB | ||
| 999 |
_c2373 _d2373 |
||